<?xml version="1.0" encoding="UTF-8"?>
<record
    xmlns:xsi="http://www.w3.org/2001/XMLSchema-instance"
    xsi:schemaLocation="http://www.loc.gov/MARC21/slim http://www.loc.gov/standards/marcxml/schema/MARC21slim.xsd"
    xmlns="http://www.loc.gov/MARC21/slim">

  <leader>01223nam a22002897a 4500</leader>
  <datafield tag="999" ind1=" " ind2=" ">
    <subfield code="c">22429</subfield>
    <subfield code="d">22429</subfield>
  </datafield>
  <controlfield tag="003">OSt</controlfield>
  <controlfield tag="005">20220613100316.0</controlfield>
  <controlfield tag="008">180228s2017    pe            000 0 spa  </controlfield>
  <datafield tag="020" ind1=" " ind2=" ">
    <subfield code="a">9786124395062</subfield>
  </datafield>
  <datafield tag="040" ind1=" " ind2=" ">
    <subfield code="c">Biblioteca Municipal de Cusco</subfield>
  </datafield>
  <datafield tag="082" ind1=" " ind2=" ">
    <subfield code="a">302.23/F79</subfield>
    <subfield code="b">F79</subfield>
  </datafield>
  <datafield tag="100" ind1=" " ind2=" ">
    <subfield code="a">Fowks, Jacqueline</subfield>
    <subfield code="d">1968-</subfield>
    <subfield code="e">autor</subfield>
    <subfield code="9">48138</subfield>
  </datafield>
  <datafield tag="245" ind1=" " ind2=" ">
    <subfield code="a">Mecanismos de la posverdad /</subfield>
    <subfield code="c">Jacqueline Fowks</subfield>
  </datafield>
  <datafield tag="250" ind1=" " ind2=" ">
    <subfield code="a">Segunda edici&#xF3;n, primera reimpresi&#xF3;n</subfield>
  </datafield>
  <datafield tag="260" ind1=" " ind2=" ">
    <subfield code="a">Lima :</subfield>
    <subfield code="b">Fondo de Cultura Econ&#xF3;mica del Per&#xFA;,</subfield>
    <subfield code="b">CISEPA,</subfield>
    <subfield code="c">2020.</subfield>
  </datafield>
  <datafield tag="300" ind1=" " ind2=" ">
    <subfield code="a">183 p&#xE1;ginas. :</subfield>
    <subfield code="c">21 cm.</subfield>
  </datafield>
  <datafield tag="490" ind1=" " ind2=" ">
    <subfield code="a">Comunicaci&#xF3;n</subfield>
  </datafield>
  <datafield tag="504" ind1=" " ind2=" ">
    <subfield code="a">Incluye referencias bibliogr&#xE1;ficas.</subfield>
  </datafield>
  <datafield tag="650" ind1=" " ind2=" ">
    <subfield code="a">Medios de comunicaci&#xF3;n de masas</subfield>
    <subfield code="x">Aspectos sociales</subfield>
    <subfield code="x">Aspectos pol&#xED;ticos</subfield>
    <subfield code="z">Am&#xE9;rica Latina</subfield>
    <subfield code="9">48139</subfield>
  </datafield>
  <datafield tag="650" ind1=" " ind2=" ">
    <subfield code="a">Periodismo</subfield>
    <subfield code="x">Objetividad</subfield>
    <subfield code="9">48140</subfield>
  </datafield>
  <datafield tag="650" ind1=" " ind2=" ">
    <subfield code="a">Periodistas</subfield>
    <subfield code="x">&#xC9;tica profesional</subfield>
    <subfield code="z">Am&#xE9;rica Latina</subfield>
    <subfield code="9">48141</subfield>
  </datafield>
  <datafield tag="650" ind1=" " ind2=" ">
    <subfield code="a">Periodismo digital</subfield>
    <subfield code="z">Am&#xE9;rica Latina</subfield>
    <subfield code="9">48142</subfield>
  </datafield>
  <datafield tag="650" ind1=" " ind2=" ">
    <subfield code="a">Prensa y pol&#xED;tica</subfield>
    <subfield code="z">Am&#xE9;rica Latina</subfield>
    <subfield code="9">48143</subfield>
  </datafield>
  <datafield tag="710" ind1=" " ind2=" ">
    <subfield code="a">Fondo de Cultura Econ&#xF3;mica (Per&#xFA;)</subfield>
    <subfield code="9">45173</subfield>
  </datafield>
  <datafield tag="710" ind1=" " ind2=" ">
    <subfield code="a">Pontificia Universidad Cat&#xF3;lica del Per&#xFA;</subfield>
    <subfield code="b">Centro de Investigaciones Sociol&#xF3;gicas, Econ&#xF3;micas, Pol&#xED;ticas y Antropol&#xF3;gicas</subfield>
    <subfield code="9">48144</subfield>
  </datafield>
  <datafield tag="942" ind1=" " ind2=" ">
    <subfield code="2">ddc</subfield>
    <subfield code="c">LIBROS</subfield>
  </datafield>
  <datafield tag="952" ind1=" " ind2=" ">
    <subfield code="0">0</subfield>
    <subfield code="1">0</subfield>
    <subfield code="2">ddc</subfield>
    <subfield code="4">0</subfield>
    <subfield code="7">0</subfield>
    <subfield code="a">SH</subfield>
    <subfield code="b">SH</subfield>
    <subfield code="c">CART</subfield>
    <subfield code="d">2022-06-13</subfield>
    <subfield code="e">Donaci&#xF3;n</subfield>
    <subfield code="g">49.00</subfield>
    <subfield code="o">302.23/F79</subfield>
    <subfield code="p">SH0000016305</subfield>
    <subfield code="r">2022-06-13</subfield>
    <subfield code="w">2022-06-13</subfield>
    <subfield code="y">LIBROS</subfield>
  </datafield>
  <datafield tag="952" ind1=" " ind2=" ">
    <subfield code="0">0</subfield>
    <subfield code="1">0</subfield>
    <subfield code="2">ddc</subfield>
    <subfield code="4">0</subfield>
    <subfield code="7">0</subfield>
    <subfield code="a">SH</subfield>
    <subfield code="b">SH</subfield>
    <subfield code="c">CART</subfield>
    <subfield code="d">2022-06-13</subfield>
    <subfield code="e">Donaci&#xF3;n</subfield>
    <subfield code="g">49.00</subfield>
    <subfield code="o">302.23/F79/e.2</subfield>
    <subfield code="p">SH0000016306</subfield>
    <subfield code="r">2022-06-13</subfield>
    <subfield code="w">2022-06-13</subfield>
    <subfield code="y">LIBROS</subfield>
  </datafield>
</record>
